000 00494nmm a2200169Ia 4500
008 251105s9999||||xx |||||||||||||||||und||
020 _a9788486547011
041 _aspa
100 _aSimonet, Francisco Javier
245 0 _aAlmanzor, una leyenda árabe
264 _a[Madrid, España] :
_bEdiciones Polifemo,
_c1986
300 _a261 páginas
490 _aEspejo navegante
650 _aHistory of Europe: Spain
856 _uhttps://public.digitaliapublishing.com/a/18852
942 _cCF
999 _c86942
_d86942